[Event "Montreal Mercredi 08"]
[Site "Montreal CAN"]
[Date "2011.09.28"]
[Round "5"]
[White "Luo, Zhao Yang"]
[Black "Gauthier, Denis"]
[Result "0-1"]
[WhiteElo "1900"]
[BlackElo "1860"]
[PlyCount "74"]
[GameId "2160767909648969"]
[EventDate "2011.08.31"]
[EventType "swiss"]
[EventRounds "5"]
[EventCountry "CAN"]
[SourceTitle "EXT 2022"]
[Source "ChessBase"]
[SourceDate "2021.10.06"]
[SourceVersion "1"]
[SourceVersionDate "2021.10.06"]
[SourceQuality "1"]

1. d4 Nf6 2. Nf3 e6 3. e3 b6 4. Bd3 Bb7 5. O-O c5 6. b3 d5 7. Bb2 Nbd7 8. Nbd2 Be7 9. Ne5 Nxe5 10. dxe5 Nd7 11. f4 f5 12. exf6 Nxf6 13. Bb5+ Kf7 14. f5 Rf8 15. fxe6+ Kg8 16. Bd3 Qd6 17. Rxf6 Bxf6 18. Qh5 h6 19. Qg6 Qxe6 20. Qh7+ Kf7 21. Bxf6 Kxf6 22. e4 Ke7 23. exd5 Qe3+ 24. Kh1 Qxd2 25. Qxg7+ Rf7 26. Qe5+ Kd8 27. Re1 Qf4 28. Qe8+ Kc7 29. Re7+ Rxe7 30. Qxe7+ Kb8 31. Qd8+ Bc8 32. g3 Qc7 33. Qf8 a6 34. d6 Qc6+ 35. Kg1 Ka7 36. Qe7+ Bb7 37. d7 Qg2# 0-1

[Event "Montreal Mercredi 08"]
[Site "Montreal CAN"]
[Date "2011.09.28"]
[Round "5"]
[White "Sasseville, Jean"]
[Black "Lopez Linares, Lizandro"]
[Result "0-1"]
[WhiteElo "1964"]
[BlackElo "1981"]
[PlyCount "82"]
[GameId "2160767909648970"]
[EventDate "2011.08.31"]
[EventType "swiss"]
[EventRounds "5"]
[EventCountry "CAN"]
[SourceTitle "EXT 2022"]
[Source "ChessBase"]
[SourceDate "2021.10.06"]
[SourceVersion "1"]
[SourceVersionDate "2021.10.06"]
[SourceQuality "1"]

1. Nf3 d5 2. d4 Nf6 3. c4 e6 4. g3 Be7 5. Bg2 O-O 6. O-O c6 7. Qc2 Nbd7 8. Nbd2 Re8 9. b3 a5 10. Bb2 a4 11. e4 dxe4 12. Nxe4 Qa5 13. Ne5 Nxe5 14. dxe5 Nxe4 15. Bxe4 g6 16. Rad1 axb3 17. axb3 Qb6 18. Rd3 Bc5 19. Kg2 Qc7 20. Qd2 Qe7 21. Bc3 Ra3 22. Rb1 b5 23. Bxc6 bxc4 24. bxc4 Rf8 25. Ba5 Rxd3 26. Qxd3 Qa7 27. Bd8 Qa2 28. Rf1 Ba6 29. Bb5 Bb7+ 30. Kh3 Qa8 31. Rd1 Bg2+ 32. Kh4 h6 33. f4 Kh7 34. Bf6 Be4 35. Qd7 g5+ 36. fxg5 hxg5+ 37. Bxg5 Kg6 38. Rf1 Bf5 39. g4 Rh8+ 40. Kg3 Qa3+ 41. Kg2 Qh3+ 0-1

[Event "Montreal Mercredi 08"]
[Site "Montreal CAN"]
[Date "2011.09.28"]
[Round "5"]
[White "Tremblay, Alain"]
[Black "Gagnon, Serge"]
[Result "0-1"]
[WhiteElo "2078"]
[BlackElo "2108"]
[PlyCount "74"]
[GameId "2160767909648971"]
[EventDate "2011.08.31"]
[EventType "swiss"]
[EventRounds "5"]
[EventCountry "CAN"]
[SourceTitle "EXT 2022"]
[Source "ChessBase"]
[SourceDate "2021.10.06"]
[SourceVersion "1"]
[SourceVersionDate "2021.10.06"]
[SourceQuality "1"]

1. d4 Nf6 2. Bg5 g6 3. Bxf6 exf6 4. e3 d5 5. g3 c6 6. Bg2 Nd7 7. Ne2 Bd6 8. O-O h5 9. Nd2 h4 10. c4 dxc4 11. Nxc4 Bc7 12. d5 cxd5 13. Qxd5 hxg3 14. hxg3 Ne5 15. Qxd8+ Kxd8 16. Rfd1+ Ke7 17. Nf4 Kf8 18. Nd5 Bd8 19. Nxe5 fxe5 20. Rac1 Bg4 21. Rd2 Rc8 22. Rxc8 Bxc8 23. Rc2 Be6 24. b3 Kg7 25. Nc7 Bf5 26. Rc3 b6 27. Nb5 a6 28. Nd6 Bb1 29. a4 f5 30. Bd5 Rf8 31. Rc8 e4 32. Rc1 Bd3 33. Rc8 g5 34. Be6 Kf6 35. Bxf5 Ke5 36. Rxd8 Rxd8 37. Nb7 Rb8 0-1

[Event "Montreal Mercredi 08"]
[Site "Montreal CAN"]
[Date "2011.09.28"]
[Round "5"]
[White "Weston, Paul"]
[Black "Cardin, Guillaume"]
[Result "0-1"]
[WhiteElo "1879"]
[BlackElo "1947"]
[PlyCount "148"]
[GameId "2160767909648972"]
[EventDate "2011.08.31"]
[EventType "swiss"]
[EventRounds "5"]
[EventCountry "CAN"]
[SourceTitle "EXT 2022"]
[Source "ChessBase"]
[SourceDate "2021.10.06"]
[SourceVersion "1"]
[SourceVersionDate "2021.10.06"]
[SourceQuality "1"]

1. e4 d5 2. exd5 Qxd5 3. Nf3 Nf6 4. d4 c6 5. c4 Qd6 6. Nc3 Bf5 7. Bd3 Bxd3 8. Qxd3 e6 9. O-O Nbd7 10. Re1 Be7 11. b3 O-O 12. Bb2 Rfd8 13. Rad1 h6 14. d5 Nb6 15. Qb1 cxd5 16. Nb5 Qd7 17. Ne5 Qc8 18. Rc1 dxc4 19. Nxc4 Nxc4 20. Rxc4 Qd7 21. a4 Nd5 22. Be5 a6 23. Nc7 Rac8 24. Rd1 Bf8 25. Nxd5 exd5 26. Rcd4 Qe6 27. Bg3 Rd7 28. h3 Rcd8 29. Qd3 Be7 30. Qc2 Qc6 31. Qxc6 bxc6 32. Rc1 c5 33. Rd3 d4 34. f3 Rb7 35. Kf1 f5 36. Be5 Re8 37. Rc2 Kf7 38. g4 g6 39. f4 Rc8 40. Rxd4 Rxb3 41. Rd7 Ke6 42. Ra7 Rc6 43. Re2 Bh4 44. gxf5+ Kxf5 45. Kg2 Bf6 46. Rf7 c4 47. Rc2 Rb4 48. a5 g5 49. Bxf6 Rxf6 50. Rc7 gxf4 51. R7xc4 Rxc4 52. Rxc4 Rd6 53. Rb4 Rd5 54. Ra4 h5 55. Ra3 Ke4 56. Ra4+ Rd4 57. Ra3 Rd2+ 58. Kf1 Rd3 59. Ra4+ Ke3 60. Ra1 Kf3 61. h4 Kg3 62. Rc1 f3 63. Rb1 Ra3 64. Re1 Rxa5 65. Rc1 Ra4 66. Kg1 Rxh4 67. Rc3 Rb4 68. Rc1 a5 69. Kh1 a4 70. Rg1+ Kh3 71. Rf1 Rb3 72. Kg1 Kg3 73. Rc1 a3 74. Kh1 a2 0-1

[Event "Montreal Mercredi 08"]
[Site "Montreal CAN"]
[Date "2011.09.28"]
[Round "5"]
[White "Yip, William"]
[Black "Trottier, Luc"]
[Result "1-0"]
[WhiteElo "1555"]
[BlackElo "1450"]
[PlyCount "59"]
[GameId "2160767909648973"]
[EventDate "2011.08.31"]
[EventType "swiss"]
[EventRounds "5"]
[EventCountry "CAN"]
[SourceTitle "EXT 2022"]
[Source "ChessBase"]
[SourceDate "2021.10.06"]
[SourceVersion "1"]
[SourceVersionDate "2021.10.06"]
[SourceQuality "1"]

1. d4 f5 2. Nf3 e6 3. Bf4 Nf6 4. c3 Be7 5. e3 O-O 6. Nbd2 Qe8 7. Bxc7 d6 8. Qb3 b6 9. Ng5 Nd5 10. Bxb8 Rxb8 11. Bb5 Qg6 12. Ngf3 Bb7 13. Rg1 a6 14. Bd3 Qh6 15. h3 b5 16. O-O-O Nb6 17. g4 Bd5 18. Qa3 fxg4 19. Nh2 gxh3 20. Ng4 Qh4 21. e4 Bb7 22. Qb3 d5 23. e5 Rxf2 24. Nxf2 Qxf2 25. Qc2 h2 26. Bxh7+ Kh8 27. Rh1 Bg5 28. Bd3 Bc8 29. Rdf1 Qxf1+ 30. Bxf1 1-0

[Event "Montreal Mercredi 11"]
[Site "Montreal CAN"]
[Date "2011.11.16"]
[Round "1"]
[White "Chenard, Yanick"]
[Black "Lepine, Yannick"]
[Result "1-0"]
[WhiteElo "1539"]
[BlackElo "1428"]
[PlyCount "52"]
[GameId "2160767909573538"]
[EventDate "2011.11.16"]
[EventType "swiss"]
[EventRounds "5"]
[EventCountry "CAN"]
[SourceTitle "EXT 2022"]
[Source "ChessBase"]
[SourceDate "2021.10.06"]
[SourceVersion "1"]
[SourceVersionDate "2021.10.06"]
[SourceQuality "1"]

1. e4 c6 2. d4 d5 3. Nc3 dxe4 4. Nxe4 Nf6 5. Ng3 e6 6. Nf3 c5 7. Be3 cxd4 8. Nxd4 Bd7 9. Qf3 Nc6 10. Rd1 Qa5+ 11. c3 Be7 12. Bc4 O-O 13. O-O Ne5 14. Qe2 Nxc4 15. Qxc4 Rac8 16. Qb3 Ba4 17. Qxb7 Rc7 18. Nb3 Qe5 19. Qa6 Bb5 20. Qa5 Rfc8 21. Rfe1 Ng4 22. f4 Qc5 23. Bxc5 Rxc5 24. Nxc5 Bxc5+ 25. Rd4 a6 26. h3 Bb6 1-0

[Event "Montreal Mercredi 11"]
[Site "Montreal CAN"]
[Date "2011.11.16"]
[Round "1"]
[White "Cote, Philippe"]
[Black "Hebert, Pierre"]
[Result "1/2-1/2"]
[WhiteElo "1709"]
[BlackElo "1585"]
[PlyCount "102"]
[GameId "2160767909573539"]
[EventDate "2011.11.16"]
[EventType "swiss"]
[EventRounds "5"]
[EventCountry "CAN"]
[SourceTitle "EXT 2022"]
[Source "ChessBase"]
[SourceDate "2021.10.06"]
[SourceVersion "1"]
[SourceVersionDate "2021.10.06"]
[SourceQuality "1"]

1. e4 c5 2. Nf3 d6 3. d4 cxd4 4. Nxd4 Nf6 5. Nc3 a6 6. a4 e6 7. Be2 Be7 8. O-O Nc6 9. Be3 O-O 10. Qd2 Qc7 11. Nb3 b6 12. f4 Bb7 13. Bf3 Nd7 14. Rad1 Nc5 15. Qf2 Rac8 16. f5 Bf6 17. Nd4 Nxd4 18. Bxd4 Bxd4 19. Qxd4 exf5 20. exf5 Bxf3 21. Rxf3 Rcd8 22. Nd5 Qb7 23. Rg3 f6 24. Nxf6+ Rxf6 25. Qxf6 Re8 26. Qh4 Ne4 27. Rh3 h6 28. Rhd3 b5 29. f6 Qb6+ 30. Rd4 Nxf6 31. Kh1 d5 32. axb5 Qxb5 33. b3 Qe2 34. R4d2 Qe3 35. Qf2 Qe5 36. Qg3 Qe4 37. h3 Re5 38. Qf3 Qg6 39. Re2 Ne4 40. Re3 Rf5 41. Qe2 Rf2 42. Qg4 Qxg4 43. hxg4 Rxc2 44. Rxd5 Nf2+ 45. Kg1 Nxg4 46. Red3 Rb2 47. Kf1 Nf6 48. Ra5 Ne4 49. Rxa6 Nc5 50. Ra8+ Kh7 51. Rg3 Rxb3 1/2-1/2

[Event "Montreal Mercredi 11"]
[Site "Montreal CAN"]
[Date "2011.11.16"]
[Round "1"]
[White "Gagnon, Serge"]
[Black "Lopez Linares, Lizandro"]
[Result "0-1"]
[WhiteElo "2131"]
[BlackElo "2086"]
[PlyCount "112"]
[GameId "2160767909573540"]
[EventDate "2011.11.16"]
[EventType "swiss"]
[EventRounds "5"]
[EventCountry "CAN"]
[SourceTitle "EXT 2022"]
[Source "ChessBase"]
[SourceDate "2021.10.06"]
[SourceVersion "1"]
[SourceVersionDate "2021.10.06"]
[SourceQuality "1"]

1. d4 d5 2. c4 e6 3. Nc3 Nf6 4. Bg5 Be7 5. Nf3 O-O 6. e3 h6 7. Bh4 Ne4 8. Bxe7 Qxe7 9. Qc2 c6 10. Bd3 Nxc3 11. Qxc3 dxc4 12. Qxc4 Nd7 13. Rc1 e5 14. Nxe5 Nxe5 15. dxe5 Qxe5 16. Qe4 Qxe4 17. Bxe4 Be6 18. a4 a5 19. Rc5 f5 20. Bc2 Bd5 21. f3 b6 22. Rc3 Rad8 23. Bb3 Rf6 24. Rd3 Rfd6 25. Bxd5+ Rxd5 26. Rxd5 Rxd5 27. Ke2 Kf7 28. Rc1 b5 29. axb5 cxb5 30. Rc6 h5 31. h4 b4 32. e4 fxe4 33. fxe4 Rb5 34. Ra6 g5 35. hxg5 Rxg5 36. Kf3 h4 37. Kf2 Ke7 38. Rh6 Rg3 39. Ra6 Rb3 40. Rxa5 Rxb2+ 41. Kf3 Rb1 42. Rb5 b3 43. Kf4 Kd6 44. Rb8 b2 45. Kg4 h3 46. Kg3 Ke5 47. Rb4 hxg2 48. Kxg2 Kf4 49. Kh2 Ke3 50. e5 Kd3 51. Rb8 Kc3 52. e6 Re1 53. Rc8+ Kd4 54. Rd8+ Kc5 55. Rc8+ Kd6 56. Rd8+ Ke7 0-1

[Event "Montreal Mercredi 11"]
[Site "Montreal CAN"]
[Date "2011.11.16"]
[Round "1"]
[White "Gauthier, Denis"]
[Black "Tremblay, Alain"]
[Result "0-1"]
[WhiteElo "1961"]
[BlackElo "2045"]
[PlyCount "59"]
[GameId "2160767909573541"]
[EventDate "2011.11.16"]
[EventType "swiss"]
[EventRounds "5"]
[EventCountry "CAN"]
[SourceTitle "EXT 2022"]
[Source "ChessBase"]
[SourceDate "2021.10.06"]
[SourceVersion "1"]
[SourceVersionDate "2021.10.06"]
[SourceQuality "1"]

1. d4 Nf6 2. c4 c5 3. d5 e5 4. Nc3 d6 5. e4 Nbd7 6. Bd3 Be7 7. Nge2 O-O 8. h3 Ne8 9. Be3 g6 10. g4 Ng7 11. Qd2 Kh8 12. O-O-O a6 13. Ng3 Bh4 14. Rdg1 b5 15. cxb5 axb5 16. Bxb5 Ba6 17. Bc6 Rb8 18. Na4 Rb4 19. a3 Rb3 20. Qc2 Rb8 21. Ne2 Qe7 22. Nec3 Bc4 23. g5 f6 24. gxf6 Nxf6 25. Qd2 Nfh5 26. Rg4 Rf5 27. Nd1 Bb3 28. Rxh4 Qxh4 29. Bg5 Qxe4 30. Nac3 0-1

[Event "Montreal Mercredi 11"]
[Site "Montreal CAN"]
[Date "2011.11.16"]
[Round "1"]
[White "Gauthier, Luc"]
[Black "Pozdnyakov, Alexander"]
[Result "1/2-1/2"]
[WhiteElo "1662"]
[BlackElo "1667"]
[PlyCount "47"]
[GameId "2160767909573542"]
[EventDate "2011.11.16"]
[EventType "swiss"]
[EventRounds "5"]
[EventCountry "CAN"]
[SourceTitle "EXT 2022"]
[Source "ChessBase"]
[SourceDate "2021.10.06"]
[SourceVersion "1"]
[SourceVersionDate "2021.10.06"]
[SourceQuality "1"]

1. e4 c5 2. Nc3 Nc6 3. f4 d6 4. Nf3 g6 5. Bb5 a6 6. Bxc6+ bxc6 7. d3 Bg7 8. O-O Bg4 9. h3 Bxf3 10. Qxf3 e6 11. Bd2 Ne7 12. Nd1 O-O 13. Bc3 d5 14. Bxg7 Kxg7 15. c3 Rb8 16. Qf2 Qb6 17. f5 exf5 18. exf5 Nxf5 19. g4 Nh6 20. Qf6+ Kg8 21. Qh4 Kg7 22. Qf6+ Kg8 23. Qh4 Kg7 24. Qf6+ 1/2-1/2

[Event "Montreal Mercredi 11"]
[Site "Montreal CAN"]
[Date "2011.11.16"]
[Round "1"]
[White "Levkovsky, Alexandre"]
[Black "Cardin, Guillaume"]
[Result "1-0"]
[WhiteElo "2289"]
[BlackElo "2007"]
[PlyCount "33"]
[GameId "2160767909573544"]
[EventDate "2011.11.16"]
[EventType "swiss"]
[EventRounds "5"]
[EventCountry "CAN"]
[SourceTitle "EXT 2022"]
[Source "ChessBase"]
[SourceDate "2021.10.06"]
[SourceVersion "1"]
[SourceVersionDate "2021.10.06"]
[SourceQuality "1"]

1. e4 d5 2. exd5 Qxd5 3. Nc3 Qd6 4. d4 Nf6 5. Bc4 c6 6. Nge2 Bf5 7. Bf4 Qb4 8. Bb3 e6 9. Qd2 Nbd7 10. f3 O-O-O 11. a3 Qe7 12. g4 Bg6 13. O-O-O Nb6 14. Bg3 Qd7 15. Nf4 Bd6 16. h4 Bxf4 17. Qxf4 1-0

[Event "Montreal Mercredi 11"]
[Site "Montreal CAN"]
[Date "2011.11.16"]
[Round "1"]
[White "Luo, Zhao Yang"]
[Black "Nardone, Raul"]
[Result "0-1"]
[WhiteElo "1957"]
[BlackElo "1835"]
[PlyCount "116"]
[GameId "2160767909573545"]
[EventDate "2011.11.16"]
[EventType "swiss"]
[EventRounds "5"]
[EventCountry "CAN"]
[SourceTitle "EXT 2022"]
[Source "ChessBase"]
[SourceDate "2021.10.06"]
[SourceVersion "1"]
[SourceVersionDate "2021.10.06"]
[SourceQuality "1"]

1. d4 Nf6 2. Nf3 e6 3. e3 d5 4. Bd3 b6 5. O-O Bb7 6. b3 Bd6 7. Bb2 O-O 8. Nbd2 c5 9. Ne5 Nc6 10. a3 Qc7 11. f4 Ne7 12. Ng4 Ne4 13. Bxe4 dxe4 14. Nc4 Nf5 15. dxc5 Be7 16. cxb6 axb6 17. Be5 Qc6 18. Bd4 Nxd4 19. Qxd4 Bc5 20. Qc3 f6 21. b4 Be7 22. Qd4 Ba6 23. Nce5 fxe5 24. Nxe5 Qd5 25. Rfd1 Qxd4 26. Rxd4 Rac8 27. Nd7 Bf6 28. Nxf6+ Rxf6 29. Rc1 Rc3 30. Rxe4 Bb7 31. Re5 Rg6 32. g3 Kf7 33. Rd1 Bf3 34. Rd7+ Ke8 35. Rd6 Bg4 36. Rxb6 Rxc2 37. a4 h5 38. f5 Rf6 39. e4 Kd7 40. fxe6+ Rxe6 41. Rb7+ Kd6 42. Rd5+ Kc6 43. Rdd7 Rb2 44. Rdc7+ Kd6 45. Rd7+ Ke5 46. a5 Kxe4 47. a6 Rxa6 48. Re7+ Be6 49. Ra7 Rxa7 50. Rxa7 Rxb4 51. Rxg7 Rb2 52. Rg5 Kf3 53. h3 Rb1+ 54. Kh2 Bxh3 55. Rxh5 Bg4 56. Rg5 Rb2+ 57. Kg1 Kxg3 58. Kf1 Rb1# 0-1

[Event "Montreal Mercredi 11"]
[Site "Montreal CAN"]
[Date "2011.11.16"]
[Round "1"]
[White "Mestre, Evick"]
[Black "Berthiaume, Yves"]
[Result "0-1"]
[WhiteElo "1553"]
[BlackElo "1428"]
[PlyCount "124"]
[GameId "2160767909573546"]
[EventDate "2011.11.16"]
[EventType "swiss"]
[EventRounds "5"]
[EventCountry "CAN"]
[SourceTitle "EXT 2022"]
[Source "ChessBase"]
[SourceDate "2021.10.06"]
[SourceVersion "1"]
[SourceVersionDate "2021.10.06"]
[SourceQuality "1"]

1. d4 e6 2. e4 d5 3. Nc3 Bb4 4. e5 c5 5. a3 Bxc3+ 6. bxc3 Nc6 7. f4 Bd7 8. Nf3 Nge7 9. Bd2 c4 10. g3 h6 11. Bg2 O-O 12. O-O Qc7 13. g4 b5 14. Nh4 Ng6 15. Nf3 Rab8 16. Bh3 Nce7 17. Qe1 a6 18. Nh4 f5 19. Nxg6 Nxg6 20. gxf5 exf5 21. Kh1 Be6 22. Rg1 Qf7 23. Qf2 Rb7 24. Rg3 Qe8 25. Rag1 Nh8 26. Qe1 Rff7 27. Bf1 Rfe7 28. Be2 g6 29. R1g2 Rg7 30. h4 h5 31. Qg1 Qf8 32. Bc1 Ra7 33. Bb2 Rab7 34. Qa1 Qd8 35. a4 Qxh4+ 36. Kg1 Qxf4 37. Bc1 Qh4 38. Bh6 f4 39. Rg5 Bh3 40. Bxh5 Bxg2 41. Rxg2 Qxh5 42. Bxg7 Rxg7 43. axb5 axb5 44. Qa8+ Kf7 45. Qxd5+ Kf8 46. Qd8+ Kf7 47. Qd7+ Kg8 48. Qe8+ Kh7 49. Rh2 f3 50. Rxh5+ gxh5+ 51. Kf2 Rg2+ 52. Kxf3 Rxc2 53. Qxh5+ Kg7 54. Qg5+ Ng6 55. Qf6+ Kh6 56. Ke4 Rxc3 57. Kd5 b4 58. Qf1 b3 59. Qb1 Nf4+ 60. Kc5 Nd3+ 61. Kd5 b2 62. Qh1+ Kg5 0-1

[Event "Montreal Mercredi 11"]
[Site "Montreal CAN"]
[Date "2011.11.16"]
[Round "1"]
[White "Munshi, Shawkat"]
[Black "Bergeron, Jean-Guy"]
[Result "1/2-1/2"]
[WhiteElo "1486"]
[BlackElo "1460"]
[PlyCount "74"]
[GameId "2160767909573547"]
[EventDate "2011.11.16"]
[EventType "swiss"]
[EventRounds "5"]
[EventCountry "CAN"]
[SourceTitle "EXT 2022"]
[Source "ChessBase"]
[SourceDate "2021.10.06"]
[SourceVersion "1"]
[SourceVersionDate "2021.10.06"]
[SourceQuality "1"]

1. Nf3 Nc6 2. d4 f5 3. e3 d6 4. Be2 e5 5. dxe5 Nxe5 6. Nxe5 dxe5 7. Qxd8+ Kxd8 8. Nc3 Bb4 9. Bd2 c6 10. O-O-O Nf6 11. a3 Bd6 12. h3 Ke7 13. Rhg1 Be6 14. f4 e4 15. g4 g6 16. gxf5 Bxf5 17. Bg4 Rhg8 18. Ne2 Nxg4 19. hxg4 Be6 20. Bc3 c5 21. g5 Bf5 22. Bf6+ Ke6 23. Nc3 a6 24. Rh1 h5 25. gxh6 Bxf4 26. exf4 Kxf6 27. Nd5+ Kf7 28. Ne3 Be6 29. Rd2 Rh8 30. Rd6 Rh7 31. Rb6 Rb8 32. Kd2 Rd8+ 33. Kc3 Rd7 34. a4 Rc7 35. b3 Rd7 36. a5 Rc7 37. Rh2 Rd7 1/2-1/2

[Event "Montreal Mercredi 11"]
[Site "Montreal CAN"]
[Date "2011.11.16"]
[Round "1"]
[White "Valle-Romo, Ricardo"]
[Black "Rondon, Luciano"]
[Result "1-0"]
[WhiteElo "1939"]
[BlackElo "1836"]
[PlyCount "72"]
[GameId "2160767909573548"]
[EventDate "2011.11.16"]
[EventType "swiss"]
[EventRounds "5"]
[EventCountry "CAN"]
[SourceTitle "EXT 2022"]
[Source "ChessBase"]
[SourceDate "2021.10.06"]
[SourceVersion "1"]
[SourceVersionDate "2021.10.06"]
[SourceQuality "1"]

1. h3 e5 2. a3 d5 3. c4 dxc4 4. e3 Be6 5. Qc2 Bd6 6. Bxc4 Bxc4 7. Qxc4 c6 8. Nf3 Nf6 9. d4 e4 10. Nfd2 O-O 11. Nc3 Re8 12. d5 Qe7 13. b4 Nbd7 14. dxc6 Ne5 15. Qb3 Nd3+ 16. Kf1 bxc6 17. Rb1 Rad8 18. Nc4 Bc7 19. Bd2 Nd5 20. Nxd5 Rxd5 21. Be1 Qf6 22. Qc2 Qg6 23. Qa4 Bb6 24. g4 f5 25. b5 c5 26. Qb3 Red8 27. Rg1 Qf7 28. a4 fxg4 29. Rxg4 Rf8 30. Rxe4 Rf5 31. f4 Nxf4 32. exf4 Rxf4+ 33. Rxf4 Qxf4+ 34. Ke2 Re8+ 35. Kd1 Kh8 36. a5 Rd8+ 1-0

[Event "Montreal Mercredi 11"]
[Site "Montreal CAN"]
[Date "2011.11.16"]
[Round "1"]
[White "Weston, Paul"]
[Black "Morin, Louis"]
[Result "1/2-1/2"]
[WhiteElo "1879"]
[BlackElo "1846"]
[PlyCount "98"]
[GameId "2160767909573549"]
[EventDate "2011.11.16"]
[EventType "swiss"]
[EventRounds "5"]
[EventCountry "CAN"]
[SourceTitle "EXT 2022"]
[Source "ChessBase"]
[SourceDate "2021.10.06"]
[SourceVersion "1"]
[SourceVersionDate "2021.10.06"]
[SourceQuality "1"]

1. f4 d6 2. Nf3 Nf6 3. b3 g6 4. Bb2 Bg7 5. e3 O-O 6. Be2 Nc6 7. O-O Re8 8. Qe1 e5 9. fxe5 dxe5 10. Qh4 Nh5 11. Qxd8 Nxd8 12. Ng5 h6 13. Ne4 Bf5 14. Nbc3 Bxe4 15. Nxe4 Re6 16. Rf2 Nf6 17. Nxf6+ Rxf6 18. Bf3 e4 19. Bxf6 Bxf6 20. Raf1 exf3 21. Rxf3 Bg7 22. g4 a5 23. Rf4 b5 24. a4 c6 25. h4 Ra7 26. axb5 cxb5 27. c4 Ne6 28. Re4 Nc5 29. Re8+ Kh7 30. cxb5 Nxb3 31. d4 Nxd4 32. exd4 Bxd4+ 33. Kg2 a4 34. Re2 a3 35. Ra2 Bb2 36. Rxb2 axb2 37. Rb1 Kg7 38. b6 Rb7 39. Rxb2 Kf6 40. Kf3 Ke5 41. h5 Kd5 42. Kf4 Kc6 43. Ke5 Rxb6 44. Rxb6+ Kxb6 45. Kf6 gxh5 46. gxh5 Kc6 47. Kxf7 Kd7 48. Kg7 Ke7 49. Kxh6 Kf8 1/2-1/2

[Event "Montreal Mercredi 11"]
[Site "Montreal CAN"]
[Date "2011.11.18"]
[Round "2"]
[White "Lopez Linares, Lizandro"]
[Black "Levkovsky, Alexandre"]
[Result "0-1"]
[WhiteElo "2086"]
[BlackElo "2289"]
[PlyCount "60"]
[GameId "2160767909573550"]
[EventDate "2011.11.16"]
[EventType "swiss"]
[EventRounds "5"]
[EventCountry "CAN"]
[SourceTitle "EXT 2022"]
[Source "ChessBase"]
[SourceDate "2021.10.06"]
[SourceVersion "1"]
[SourceVersionDate "2021.10.06"]
[SourceQuality "1"]

1. d4 Nf6 2. Nf3 e6 3. Bf4 d5 4. e3 c5 5. c3 Nc6 6. Bd3 Qb6 7. b3 Be7 8. O-O O-O 9. Qe2 Bd7 10. Nbd2 cxd4 11. exd4 Rac8 12. Ne5 Rfd8 13. Ndf3 Nxe5 14. dxe5 Ne4 15. c4 Nc5 16. Be3 Qa5 17. Bxc5 Qxc5 18. b4 Qxb4 19. cxd5 exd5 20. Rab1 Qc5 21. Rxb7 Rb8 22. Rxd7 Rxd7 23. e6 Rd6 24. exf7+ Kxf7 25. Ne5+ Kg8 26. Bxh7+ Kxh7 27. Qh5+ Rh6 28. Qf5+ Kg8 29. Qf7+ Kh8 30. Nd7 Qd6 0-1

[Event "Montreal Mercredi 11"]
[Site "Montreal CAN"]
[Date "2011.11.23"]
[Round "2"]
[White "Berthiaume, Yves"]
[Black "Bergeron, Jean-Guy"]
[Result "0-1"]
[WhiteElo "1428"]
[BlackElo "1460"]
[PlyCount "74"]
[GameId "2160767909573551"]
[EventDate "2011.11.16"]
[EventType "swiss"]
[EventRounds "5"]
[EventCountry "CAN"]
[SourceTitle "EXT 2022"]
[Source "ChessBase"]
[SourceDate "2021.10.06"]
[SourceVersion "1"]
[SourceVersionDate "2021.10.06"]
[SourceQuality "1"]

1. d4 Nc6 2. Nf3 f5 3. c4 d6 4. g3 e5 5. Bg2 e4 6. Ng5 h6 7. Nxe4 fxe4 8. Bxe4 Qf6 9. e3 Nge7 10. Nc3 Qf7 11. b3 a6 12. Bb2 Bf5 13. Bg2 O-O-O 14. O-O g5 15. Qe2 Rh7 16. a3 h5 17. h3 g4 18. h4 Qg6 19. Qd2 Na5 20. Ne2 Nec6 21. Qc3 Bc2 22. Nc1 Be4 23. Bxe4 Qxe4 24. b4 Nxc4 25. Qxc4 d5 26. Qe2 Rf7 27. Nd3 Bh6 28. Nc5 Qe7 29. b5 Na7 30. bxa6 b6 31. Nd3 Rdf8 32. a4 Rf3 33. Ba3 c5 34. dxc5 Bxe3 35. cxb6 Bxf2+ 36. Rxf2 Rxg3+ 37. Kh2 Qxh4# 0-1

[Event "Montreal Mercredi 11"]
[Site "Montreal CAN"]
[Date "2011.11.23"]
[Round "2"]
[White "Gauthier, Denis"]
[Black "Gagnon, Serge"]
[Result "1-0"]
[WhiteElo "1961"]
[BlackElo "2131"]
[PlyCount "94"]
[GameId "2160767909573552"]
[EventDate "2011.11.16"]
[EventType "swiss"]
[EventRounds "5"]
[EventCountry "CAN"]
[SourceTitle "EXT 2022"]
[Source "ChessBase"]
[SourceDate "2021.10.06"]
[SourceVersion "1"]
[SourceVersionDate "2021.10.06"]
[SourceQuality "1"]

1. d4 g6 2. c4 Bg7 3. Nc3 d6 4. e4 Nc6 5. Nge2 e5 6. d5 Nce7 7. g3 Nf6 8. Bg2 O-O 9. O-O h5 10. f4 Ng4 11. h3 Nh6 12. Be3 exf4 13. gxf4 Kh7 14. Qd2 Neg8 15. Bd4 Re8 16. Rae1 a6 17. Bxg7 Kxg7 18. Nd4 Qh4 19. Nf3 Qd8 20. Qd4+ f6 21. Ne2 c5 22. dxc6 bxc6 23. Kh2 Nf7 24. Nc3 Kh7 25. Qd2 Ngh6 26. Nd4 Qc7 27. b3 g5 28. Kh1 g4 29. e5 dxe5 30. fxe5 fxe5 31. Bxc6 Bb7 32. Nd5 Bxc6 33. Nxc6 Qxc6 34. Rf6 Re6 35. Qd3+ Kh8 36. Ref1 Rg8 37. Rxf7 Nxf7 38. Rxf7 Reg6 39. Qe4 Qd6 40. c5 Qe6 41. Re7 gxh3 42. Rxe6 Rxe6 43. c6 Reg6 44. Qxe5+ R8g7 45. c7 Rg1+ 46. Kh2 Rc1 47. Qe8+ Kh7 1-0

[Event "Montreal Mercredi 11"]
[Site "Montreal CAN"]
[Date "2011.11.23"]
[Round "2"]
[White "Hebert, Pierre"]
[Black "Gauthier, Luc"]
[Result "1-0"]
[WhiteElo "1585"]
[BlackElo "1662"]
[PlyCount "61"]
[GameId "2160767909573553"]
[EventDate "2011.11.16"]
[EventType "swiss"]
[EventRounds "5"]
[EventCountry "CAN"]
[SourceTitle "EXT 2022"]
[Source "ChessBase"]
[SourceDate "2021.10.06"]
[SourceVersion "1"]
[SourceVersionDate "2021.10.06"]
[SourceQuality "1"]

1. d4 d5 2. c4 Nc6 3. Nf3 Bg4 4. e3 e6 5. Be2 Bb4+ 6. Bd2 Bxd2+ 7. Nbxd2 Nf6 8. Rc1 Ne7 9. Ne5 Bxe2 10. Qxe2 c6 11. O-O Ng6 12. f4 O-O 13. Nxg6 hxg6 14. g4 dxc4 15. Nxc4 Qd5 16. g5 Ne4 17. Qf3 Rfd8 18. b3 Qf5 19. Qg2 Kf8 20. Ne5 Rac8 21. Qg4 Qxg4+ 22. Nxg4 c5 23. dxc5 Nxc5 24. Ne5 Ne4 25. Rfd1 Rxd1+ 26. Rxd1 Nc3 27. Rd7 Ne2+ 28. Kf1 Rc2 29. Rxf7+ Kg8 30. Rxb7 Rxa2 31. Rb8+ 1-0